2022 FIFA World Cup Group G - Cameroon - Brazil - Statistics

General Stats
  • This quiz has been taken 63 times
  • The average score is 15 of 32
Answer Stats
Player % Correct
Ederson
88%
Fred
78%
Vincent Aboubakar ¹
76%
Éder Militão
71%
Gabriel Jesus
71%
Marquinhos
68%
Rodrygo
68%
Antony
66%
Dani Alves
66%
Gabriel Martinelli
63%
Fabinho
59%
Raphinha
59%
Tite
59%
Alex Telles
56%
Bruno Guimarães
54%
Bremer
51%
E. M. Choupo-Moting
51%
A.-F. Zambo Anguissa
46%
Pedro
41%
Éverton Ribeiro
37%
Karl Toko Ekambi
34%
Rigobert Song
32%
Collins Fai
29%
Bryan Mbeumo
27%
Devis Epassy
24%
Moumi Ngamaleu
17%
Nouhou Tolo
15%
Christopher Wooh
12%
Enzo Ebosse
12%
Jerome Ngom Mbekeli
12%
Olivier Ntcham
12%
Pierre Kunde
12%
No matching quizzes found
Score Distribution
Percent of People with Each Score
Percentile by Number Answered
Your Score History
You have not taken this quiz